000 00509nam a2200181Ia 4500
001 3161
005 20260306144900.0
008 260306t2014||||xx |||||||||||||| ||spa||
041 _aESP
082 _a261.8
_bC89
100 _aUniversidad Católica San Pablo
_eAUT
245 0 _aCrisis jurídica o injusticia legal:
_bquinto informe sobre la doctrina social de la iglesia en el mundo
260 _c2014
300 _a166 páginas :
_c24 cm.
650 _aGEN
654 _aCHU
942 _cLIB
_dJUS
_fJUS
_2ddc
_n
999 _c3161
_d3161